Southville International School and Colleges
Your cart is empty.
  • Cart
  • Lists
    Public lists Eva Luna New books Lux_list list_1
    Your lists Log in to create your own lists
  • Log in to your account
  • Your cookies
  • Search history
Southville International School and Colleges
  • Advanced search
  • Recent comments
  • Most popular
  • Libraries

Log in to your account

Log in with GOOGLE


If you do not have an external account, but do have a local account, you can still log in:

  1. Home
  2. MARC view: More spaghetti, I say! /
Normal view MARC view ISBD view

More spaghetti, I say! / (Record no. 103957)

[ view plain ]
MARC details
000 -LEADER
fixed length control field 00712nam a2200217 a 4500
005 - DATE AND TIME OF LATEST TRANSACTION
control field 20140412111310.0
008 - FIXED-LENGTH DATA ELEMENTS--GENERAL INFORMATION
fixed length control field 010321s19uu xx 00 eng d
020 ## - INTERNATIONAL STANDARD BOOK NUMBER
International Standard Book Number 0-590-45783-7
050 ## - LIBRARY OF CONGRESS CALL NUMBER
Classification number TR(PS E
Item number Mo71 1992
100 ## - MAIN ENTRY--PERSONAL NAME
Personal name Gelman, Rita Golden
245 ## - TITLE STATEMENT
Title More spaghetti, I say! /
Statement of responsibility, etc by Rita Golden Gelman ; illustrated by Mort Gerberg.
260 ## - PUBLICATION, DISTRIBUTION, ETC. (IMPRINT)
Place of publication, distribution, etc New York :
Name of publisher, distributor, etc Scholastic Inc,
Date of publication, distribution, etc 1992.
300 ## - PHYSICAL DESCRIPTION
Extent 1 v. (unp.); ill.
440 ## - SERIES STATEMENT/ADDED ENTRY--TITLE
Title Hello Reader
520 ## - SUMMARY, ETC.
Summary, etc Minnie the monkey is too busy eating spaghetti-all day, in all ways - to play with Freddy.
650 ## - SUBJECT ADDED ENTRY--TOPICAL TERM
Topical term or geographic name as entry element Sotries in rhyme
650 ## - SUBJECT ADDED ENTRY--TOPICAL TERM
Topical term or geographic name as entry element Monkeys - Fiction
650 ## - SUBJECT ADDED ENTRY--TOPICAL TERM
Topical term or geographic name as entry element Spaghetti-Fiction
650 ## - SUBJECT ADDED ENTRY--TOPICAL TERM
Topical term or geographic name as entry element Humurous stories
Holdings
Withdrawn status Lost status Damaged status Home library Current library Shelving location Date acquired Source of acquisition Total Checkouts Full call number Barcode Date last seen Price effective from Koha item type
      Elizalde Library Elizalde Library Teachers Reference Section 03/21/2001     TR(PS E Mo71 1992 E6160 04/12/2014 04/12/2014 Books

More spaghetti, I say! /

APA

Gelman R. G., . (1992). More spaghetti, I say!. New York: Scholastic Inc.

Chicago

Gelman Rita Golden, . 1992. More spaghetti, I say!. New York: Scholastic Inc.

Harvard

Gelman R. G., . (1992). More spaghetti, I say!. New York: Scholastic Inc.

MLA

Gelman Rita Golden, . More spaghetti, I say!. New York: Scholastic Inc. 1992.

  • Place hold
  • Print
  • Cite
  • Add to your cart (remove)
  • Save record
    BIBTEX Dublin Core MARCXML MARC (non-Unicode/MARC-8) MARC (Unicode/UTF-8) MARC (Unicode/UTF-8, Standard) MODS (XML) RIS
  • More searches
    Search for this title in:
    Other Libraries (WorldCat) Other Databases (Google Scholar) Online Stores (Bookfinder.com) Open Library (openlibrary.org)

Exporting to Dublin Core...

SOUTHVILLE LIBRARY

Southville International School and Colleges Library

1281 Tropical Ave. Cor. Luxembourg St., BF Homes International, Las Pinas City

Tel. No. 8256374 / 252358 Loc. 117/146

Powered by Koha